Sports Quiz

Random Sports or Spanish Quiz
Score 0/50 Timer 15:00
0 Plays Today
Goals Player % Correct
71Raúl González
99%
20Fernando Torres
96.2%
33Fernando Morientes
94.4%
11Andrés Iniesta
94.3%
20Cesc Fàbregas
93.5%
11Xavi
93.4%
6Gabri de la Torre
92.6%
14David Villa
91%
14*Gerard Piqué
89.5%
6*Xabi Alonso
89%
10*David Silva
88.8%
16*Pedro Rodríguez
88.7%
13*Sergio Ramos
88.1%
11*Diego Costa
87.4%
15*Álvaro Morata
82.9%
8Juan Mata
82.6%
19Luis Enrique
78.9%
4*Sergio Busquets
74.2%
5*Koke
74.2%
10Luis García
73.5%
16Guti
73.3%
9*Isco
73.1%
7Fernando Hierro
72.3%
7*Álvaro Negredo
71.9%
8Gaizka Mendieta
70.7%
Goals Player % Correct
16Roberto Soldado
70.1%
7*Juan Bernat
70%
7Raúl García
69.4%
11*José María Callejón
69%
4Dani García
68.6%
8*Fernando Llorente
65.6%
4Joseba Llorente
65.5%
15Diego Tristán
65%
15Iván Helguera
61%
10*Saúl Níguez
60.4%
8*Thiago Alcântara
56.9%
4Joaquín
55.2%
5Bojan Krkić
49%
7Rubén Baraja
48.6%
4*Rodrigo Moreno
46%
5Juan Carlos Valerón
45%
6Gerard López
44%
5Víctor Sánchez
43.9%
9Juan Sánchez
43.5%
4*Pablo Sarabia
42%
4Aritz Aduriz
41%
6*Marco Asensio
38.1%
6*Cristian Tello
37.5%
7Miguel Ángel Angulo
31.4%
4Albert Luque
24.4%
Remove Ads.
Support Sporcle.
Get the best of Sporcle when you Go Orange. This ad-free experience offers more features, more stats, and more fun while also helping to support Sporcle. Thank you for becoming a member.

You're not logged in!

Compare scores with friends on all Sporcle quizzes.
OR
Log In

Show Comments

Extras

Top Quizzes Today


Score Distribution

Your Account Isn't Verified!

In order to create a playlist on Sporcle, you need to verify the email address you used during registration. Go to your Sporcle Settings to finish the process.

Report this User

Report this user for behavior that violates our Community Guidelines.

Details: